| 000 -LEADER |
| fixed length control field |
01163cam a22003254a 4500 |
| 020 ## - INTERNATIONAL STANDARD BOOK NUMBER |
| ISBN |
0072966939 (student ed.) |
| 020 ## - INTERNATIONAL STANDARD BOOK NUMBER |
| ISBN |
0072966963 (instructors ed.) |
| 020 ## - INTERNATIONAL STANDARD BOOK NUMBER |
| ISBN |
0072966947 (student CDROM) |
| 020 ## - INTERNATIONAL STANDARD BOOK NUMBER |
| ISBN |
0073215759 |
| 020 ## - INTERNATIONAL STANDARD BOOK NUMBER |
| ISBN |
9780072966947 (student CDROM) |
| 020 ## - INTERNATIONAL STANDARD BOOK NUMBER |
| ISBN |
9780073215754 |
| 020 ## - INTERNATIONAL STANDARD BOOK NUMBER |
| ISBN |
9780072966930 (student ed.) |
| 020 ## - INTERNATIONAL STANDARD BOOK NUMBER |
| ISBN |
9780072966961 (instructors ed.) |
| 040 ## - CATALOGING SOURCE |
| Transcribing agency |
DLC |
| 082 00 - DEWEY DECIMAL CLASSIFICATION NUMBER |
| Classification number |
519 HIL 2007 A063 Or. |
| 100 1# - MAIN ENTRY--AUTHOR NAME |
| Personal name |
Doane, David P. |
| 245 10 - TITLE STATEMENT |
| Title |
Applied statistics in business and economics / |
| 260 ## - PUBLICATION, DISTRIBUTION, ETC. (IMPRINT) |
| Place of publication |
Boston : |
| Name of publisher |
McGraw-Hill/Irwin, |
| Year of publication |
c2007. |
| 300 ## - PHYSICAL DESCRIPTION |
| Number of Pages |
xxiii, 834 p. : |
| Other physical details |
ill. (some col.) ; |
| Dimensions |
29 cm. + |
| Accompanying material |
1 CD-ROM (4 3/4 in.). |
| 490 1# - SERIES STATEMENT |
| Series statement |
The McGraw-Hill/Irwin series operations and decision sciences |
| 650 #0 - SUBJECT ADDED ENTRY--TOPICAL TERM |
| Topical Term |
Commercial statistics. |
| 650 #0 - SUBJECT ADDED ENTRY--TOPICAL TERM |
| Topical Term |
Management |
| 650 #0 - SUBJECT ADDED ENTRY--TOPICAL TERM |
| Topical Term |
Economics |
| 650 #0 - SUBJECT ADDED ENTRY--TOPICAL TERM |
| Topical Term |
Statistics. |
| 700 1# - ADDED ENTRY--PERSONAL NAME |
| Personal name |
Seward, Lori Welte, |
| 856 41 - ELECTRONIC LOCATION AND ACCESS |
| Uniform Resource Identifier |
http://www.loc.gov/catdir/enhancements/fy0665/2005056294-t.html |
| 856 42 - ELECTRONIC LOCATION AND ACCESS |
| Uniform Resource Identifier |
http://www.loc.gov/catdir/enhancements/fy0665/2005056294-d.html |
| 856 42 - ELECTRONIC LOCATION AND ACCESS |
| Uniform Resource Identifier |
http://www.loc.gov/catdir/enhancements/fy0737/2005056294-b.html |
| 942 ## - ADDED ENTRY ELEMENTS (KOHA) |
| Koha item type |
សៀវភៅភាសាអង់គ្លេស |
| 952 ## - LOCATION AND ITEM INFORMATION (KOHA) |
| Withdrawn status [LOCAL, KOHA] |
0 |